000 00822cam a22002653a 4500
001 675
003 PGUSA
005 20140828082951.0
008 961001s1996||||xxu|||||s|||||000 | eng d
040 _aPGUSA
_beng
042 _adc
050 4 _aE151
100 1 _aDickens, Charles,
_d1812-1870
245 1 0 _aAmerican Notes
_h[electronic resource] /
_cCharles Dickens
260 _bProject Gutenberg,
_c1996
506 _aPublic domain in the USA.
516 _aElectronic text
653 _aUnited States -- Description and travel
653 _aDickens, Charles, 1812-1870 -- Travel -- United States
653 _aUnited States -- Social life and customs -- 1783-1865
700 1 _aStone, Marcus,
_d1840-1921
830 0 _aProject Gutenberg
_v675
856 4 0 _uhttp://www.gutenberg.org/ebooks/675
942 _cEB
999 _c230026
_d230026